| 000 | 01706nam0a2200349 4500 | ||
|---|---|---|---|
| 001 | RU\NLR\bibl\151803 | ||
| 005 | 20260405121029.0 | ||
| 010 |
_a5-88431-0016-1 _9800 |
||
| 021 |
_aRU _b2001-12716 _9599 |
||
| 035 | _a(NLR Aleph) 000148810 | ||
| 090 |
_a853573 _c853573 |
||
| 100 | _a20010426d2000 |||y0rusy50 ca | ||
| 101 | 0 | _arus | |
| 102 | _aRU | ||
| 105 | _aa ||||||||| | ||
| 200 | 1 |
_aРыболовы и охотники бассейна Оби: проблемы формирования культуры хантов и манси _fЕ.Г. Федорова _gРос. акад. наук, Музей антропологии и этнографии им. Петра Великого (Кунсткамера) и др. |
|
| 210 |
_aСПб. _cЕвроп. Дом _d2000 |
||
| 215 |
_a365, [2] с. _cил. _d22 |
||
| 300 | _aВ надзаг. также: Администрация Ханты-Манс. авт. окр., НИИ обско-угорск. народов | ||
| 320 | _aБиблиогр.: с. 338-364 | ||
| 606 | 0 |
_aХанты _xЭтнография _92124234 _3RU\NLR\auth\661282366 |
|
| 606 | 1 |
_aХанты _xЭтнографические исследования _92612357 _3RU\NLR\AUTH\661548915 |
|
| 606 | 0 |
_aМанси _xЭтнографические исследования _92073987 _3RU\NLR\auth\661248948 |
|
| 686 | _aТ52(251.1=Ха) | ||
| 686 | _aТ52(251.1=Ха2) | ||
| 700 | 1 |
_4070 _8rus _7ca _aФедорова _bЕ. Г. _cканд. ист. наук _gЕлена Геннадьевна _3RU\NLR\auth\7747112 _930047 |
|
| 801 | 0 |
_aRU _bNLR _c20010426 _gPSBO |
|
| 801 | 1 |
_aRU _bNLR _c20010426 |
|
| 942 | _cBOOK | ||
| 980 | _aNB | ||